Učitavanje...
Public Personnel Administration
| Glavni autor: | |
|---|---|
| Format: | Printed Book |
| Izdano: |
Newdelhi
Oxford &IBH PUB.
1971
|
| Izdanje: | 6ed. |
| LEADER | 00420nam a22001337a 4500 | ||
|---|---|---|---|
| 082 | |a 350 |b STA/PU | ||
| 100 | |a Stahl,O Glenn | ||
| 245 | |a Public Personnel Administration | ||
| 250 | |a 6ed. | ||
| 260 | |a Newdelhi |b Oxford &IBH PUB. |c 1971 | ||
| 300 | |a 501p. |b HB | ||
| 942 | |c BK | ||
| 999 | |c 9227 |d 9227 | ||
| 952 | |0 0 |1 0 |4 0 |6 350_000000000000000_STA_PU |7 0 |8 NFIC |9 12031 |a KUFOS |b KUFOS |c GEN |d 2016-07-16 |o 350 STA/PU |p 00706 |r 2016-07-16 |w 2016-07-16 |y BK | ||